An introduction to project planning /
Guardado en:
| Autor Principal: | |
|---|---|
| Formato: | Libro |
| Idioma: | English |
| Publicado: |
New York, NY :
Industrial Press,
c1985.
|
| Edición: | 2nd ed. |
| Materias: | |
| Etiquetas: |
Agregar Etiqueta
Sin Etiquetas, Sea el primero en etiquetar este registro!
|
| LEADER | 00808pam a22002535a 4500 | ||
|---|---|---|---|
| 001 | EIQ.libpla001558 | ||
| 008 | 850128s1985####nyua#####b####001#0#eng#d | ||
| 005 | 20061107173701.0 | ||
| 245 | 1 | 3 | |a An introduction to project planning / |c by Jack Gido. |
| 250 | |a 2nd ed. | ||
| 260 | |a New York, NY : |b Industrial Press, |c c1985. | ||
| 300 | |a xiii, 155 p. : |b il. ; |c 23 cm. | ||
| 504 | |a Bibliografía: p. 140. | ||
| 500 | |a Incluye índice. | ||
| 020 | |a 0831111607 (pbk.) | ||
| 100 | 1 | |a Gido, Jack, |d 1945- | |
| 082 | 0 | 0 | |a 658.4/04 |2 19 |
| 650 | 4 | |a Gerencia de proyecto |x Introducción. | |
| 650 | 4 | |a Economía |x Planeamiento. | |
| 650 | 4 | |a Economy |x Planning. | |
| 650 | 4 | |a Project management |x Introduction. | |
| 010 | |a 85000168 | ||
| 040 | |a DLC |c DLC |d AR-BbSID | ||
| 859 | |a AR-BbSID |b BIB. PLAPIQUI |h 658.404 |i G 36 |p 3306 | ||
